| 000 | 00355nam a2200109Ia 4500 | ||
|---|---|---|---|
| 008 | 171211s9999 xx 000 0 und d | ||
| 245 | _aBasic Spanish, 2nd edition | ||
| 245 | _cAna C. Jarvis, Francisco Mena-Ayllon, and Raquel Lebredo | ||
| 260 | _c2010 | ||
| 650 | _xLANGUAGES | ||
| 856 | _uhttp://down.ebook777.com/024/Basic%20Spanish,%202nd%20edition.pdf | ||
| 999 |
_c349760 _d349760 |
||